| 000 | 01361nam a2200361Ia 4500 | ||
|---|---|---|---|
| 001 | Z_6792 | ||
| 003 | CHAP | ||
| 005 | 20230526142529.0 | ||
| 008 | 220113s2015 xx 000 0 und d | ||
| 010 | _a170069 | ||
| 040 | _cCHAP | ||
| 090 | _aTesis F37 2458 | ||
| 100 |
_aFarías de los Santos, Alfredo _9130221 |
||
| 245 |
_aNutrición, producción y composición de la leche de vaca holstein de la granja experimental de Chapingo / _cAlfredo Farías de los Santos y María de Lourdes Reyes Medel |
||
| 260 |
_aMéxico : _bEl autor, _c2015 |
||
| 300 | _a98 p | ||
| 502 | _aTesis (Ingeniero Agrónomo Especialista en Zootecnia) -- UACh, 2015 \ Dirección: José Ayala Oseguera; asesoría: Eliseo Sosa Montes y José Luis Zaragoza Ramírez | ||
| 650 |
_aCalidad de raciones _9145960 |
||
| 650 |
_aGanado bovino _9138033 |
||
| 650 |
_aProducción de leche _9144340 |
||
| 650 |
_aRaza holstein _9144922 |
||
| 650 |
_aRechazos _9145961 |
||
| 700 |
_a Ayala Oseguera, José, director _9142196 |
||
| 700 |
_a Sosa Montes, Eliseo, asesor _9143277 |
||
| 700 |
_a Zaragoza Ramírez, José Luis, asesor _9143236 |
||
| 700 |
_aReyes Medel, María de Lourdes, coaut. _9145962 |
||
| 856 | 4 | 2 |
_uhttp://10.13.5.2/tesis/sist112101.pdf _yDescargar PDF |
| 901 | _aTESIS F37 2458 | ||
| 902 | _aA | ||
| 910 | _a2015 | ||
| 942 |
_c2 _2ddc |
||
| 942 |
_c2 _2ddc |
||
| 999 |
_c170069 _d170069 |
||